Score 0/39 Timer 04:00
2 Plays Today
Hint 4-Letter Word % Correct
⌘ Dory, Nemo, or Cleo, e.g. ⌘FISH
98%
Clean with soap and waterWASH
97%
Strong desire or hope WISH
96.2%
Halloween face coveringMASK
96.1%
⌘ Breakfast, lunch, or dinner, e.g. ⌘MEAL
94.2%
Recover from injuryHEAL
93.6%
Pellets of frozen rain HAIL
92.8%
⌘ Brain holder ⌘HEAD
92.7%
Untidy state of thingsMESS
92.6%
⌘ Front of lower leg ⌘SHIN
91.2%
⌘ Rear surface of the body ⌘BACK
91.1%
Roman Catholic Holy CommunionMASS
91%
SkinnyTHIN
89.8%
⌘ Smaller amount ⌘LESS
89.8%
Nazi salute: 'Sieg ____!'HEIL
89.6%
Alcoholic honey and water drinkMEAD
88.7%
American heavy truck makerMACK
87.6%
Soak up sunshineBASK
86.8%
Sports squadTEAM
86.6%
Criticize severelyBASH
86.2%
Hint 4-Letter Word % Correct
Whirl around quicklySPIN
86.2%
HS formal dancePROM
85%
Object used on the set of a playPROP
83.5%
Rounded stadium roofDOME
79.4%
What you'll be after next rungDONE
76.5%
Trolley or cable carTRAM
75.4%
Extent from end to endSPAN
73.6%
⌘ Airport security measure ⌘SCAN
72.7%
Dishonest schemeSCAM
72.6%
Underground coal layerSEAM
69.8%
⌘ Airplane empennage ⌘TAIL
69.2%
⌘ Irish word for 'heavy' ⌘TROM
69%
Open, grassy meadowsLEAS
68.1%
Tin plate used for backing mirrorsTAIN
64.5%
Loyal and honest (Scottish)LEAL
64.3%
Mild scatological termPOOP
51%
Fleshy fruit (e.g. apple, pear)POME
49.5%
Ostentatious public displayPOMP
44.3%
⌘⌘ COMMON BOND ⌘⌘BONE
34.8%

Today's Daily Dose

You're not logged in!

Compare scores with friends on all Sporcle quizzes.
OR
Log In

Sporcle TV

Today on Sporcle TV


Watch our educational content, quiz creation guides, and fun videos on Sporcle TV.

Show Comments

Extras

Top Quizzes Today


Score Distribution

Paid Content

Your Account Isn't Verified!

In order to create a playlist on Sporcle, you need to verify the email address you used during registration. Go to your Sporcle Settings to finish the process.

Report this User

Report this user for behavior that violates our Community Guidelines.

Details: